000
00317nam a2200109Ia 4500
008
180305s9999 xx 000 0 und d
020
_a
893754471
100
_a
Pige, David
245
_c
David Paige, Roger Ruhlin
_a
A day in the life of a Marine Biologist/
260
_a
USA
_b
Troll Associates
_c
1981
300
_a
32 Pages
999
_c
356057
_d
356057